000 00771nam a2200229 a 4500
001 000045761
003 DO-SdBNP
005 20240226184457.0
008 150511s2015 dr r 000 0 spa d
020 _a9789945404975
040 _aDO-SdBNP
_bspa
_cBNPHU
082 _axxxx
_bB828g
100 1 _aBrea Franco, Luis O.
_97125
245 1 0 _aGlobal y diferente :
_bantología de ensayos de varia lección /
_cLuis O. Brea Franco.
260 _aSanto Domingo :
_bMinisterio de Cultura,
_bNacional,
_c2015.
300 _a194 p. ;
_c22 cm.
500 _aIncluye datos biografícos del autor en las solapas.
503 _aIncluye referencias bibliográficas y notas al pie de las páginas.
590 _aInventariado, 2022/ YL
910 _aYLockward
942 _2ddc
_cLBS1
999 _c45250
_d45250